| 000 -ლიდერი |
| ფიქსირებული სიგრძის საკონტროლო ველი |
01200nam a2200241Ia 4500 |
| 001 - საკონტროლო ნომერი |
| საკონტროლო ველი |
17646 |
| 003 - საკონტროლო ნომრის იდენტიფიკატორი |
| საკონტროლო ველი |
GE_BSU |
| 005 - ბოლო ოპერაციის თარიღი და დრო |
| საკონტროლო ველი |
20200220163237.0 |
| 008 - ფიქსირებული სიგრძის მონაცემთა ელემენტები - ზოგადი ინფორმაცია |
| ფიქსირებული სიგრძის საკონტროლო ველი |
181216s2009ge xx |||||||||||||| ||geo|| |
| 020 ## - წიგნის საერთაშორისო სტანდარტული ნომერი |
| International Standard Book Number |
978-9941-409-81-3 |
| 040 ## - კატალოგიზაციის წყარო |
| Transcribing agency |
GE_BSU |
| 041 ## - ენის კოდი |
| Language code of text/sound track or separate title |
geo |
| 080 ## - უნივერსალური ათობითი კლასიფიკაციის ინდექსი |
| Universal Decimal Classification number |
633.72:631.528 ბ-25 |
| 100 ## - მთავარი ჩანაწერი - პიროვნების სახელი |
| Personal name |
ბარათაშვილი, დავით. |
| 9 (RLIN) |
1718 |
| 245 ## - ცნობა სათაურის შესახებ |
| Title |
მუტაციური ცვალებადობის თავისებურებანი ჩაის მცენარეში (კვლევის მეთოდებით) / |
| Statement of responsibility, etc |
დავით ბარათაშვილი ; რედ. ა. დიასამიძე. |
| 264 ## - წარმოების, გამოცემის, დისტრიბუციის და სხვა ცნობები |
| გამოცემის, წარმოების, დისტრიბუციის... ადგილი |
ბათუმი : |
| გამოცემის, წარმოების, დისტრიბუციის... სახელწოდება |
შოთა რუსთაველის სახელმწ. უნ-ტის გამ-ბა და სტ. |
| გამოცემის, წარმოების, დისტრიბუციის... თარიღი |
2009. |
| 300 ## - ფიზიკური აღწერა |
| Extent |
244 გვ .: |
| Other physical details |
ნახ ; ცხრ ; |
| Dimensions |
21 სმ. |
| 504 ## - BIBLIOGRAPHY, ETC. NOTE |
| Bibliography, etc |
ბიბლიოგრ.: გვ. 217-240. |
| 653 ## - INDEX TERM--UNCONTROLLED |
| Uncontrolled term |
სოფლის მეურნეობა |
| 653 ## - INDEX TERM--UNCONTROLLED |
| Uncontrolled term |
ჩაის მუტაცია |
| 700 ## - ADDED ENTRY--PERSONAL NAME |
| Personal name |
დიასამიძე, ა |
| Relator term |
რედაქტორი |
| 9 (RLIN) |
1129 |
| 942 ## - ADDED ENTRY ELEMENTS (KOHA) |
| Koha item type |
წიგნი |
| Source of classification or shelving scheme |
|